000 05174cam a22018134i 4500
003 PE-LiUPU
005 20250813165333.0
008 070202s2006 sp a r 000 0 spa d
020 _a8498390265
020 _a9788498390261
035 _a(Sirsi) i9788498390261
040 _aBNM
_erda
_bspa
_cBNM
_dPE-LiUPU
049 _aPRUA
080 _a635.1/.8:658.562
082 0 4 _a664.8
_bC93
_221
100 1 _aCuevas Insua, Victoria de las,
_d1974- ,
_eautor.
245 1 0 _aAPPCC aplicado a la comercialización de productos vegetales :
_bguía básica de aplicación /
_c[autora, Victoria de las Cuevas Insua].
264 1 _a[Vigo] :
_bIdeasPropias,
_c[2006].
300 _a78 páginas :
_bilustraciones ;
_c24 centímetros
336 _atext
_2rdacontent
337 _aunmediated
_2rdamedia
338 _avolume
_2rdacarrier
504 _aIncluye referencias bibliográficas.
505 0 _aIntroducción -- Principios generales para la aplicación de un sistema APPCC -- Principios por los que se rige el sistema APPCC -- Etapas del sistema APPCC en una empresa de venta minorista de productos vegetales -- Vida de un producto vegetal en la venta minorista -- Recepción de los productos vegetales -- Almacenamiento de los productos vegetales -- Recepción y almacenamiento de envases y embalajes de productos vegetales -- Manipulación de los productos vegetales -- Exposición y suministro al consumidor de productos vegetales -- Elaboración del diagrama de flujo y de la tabla de gestión -- Prerrequisitos del sistema APPCC para una empresa de venta detallista de productos vegetales -- Plan de mantenimiento de instalaciones, equipos y utillaje -- Plan de control de aguas -- Plan de limpieza y desinfección -- Plan de desinsectación y desratización -- Plan de formación de manipuladores -- Plan de control de proveedores -- Plan de trazabilidad -- Plan de transporte de productos vegetales -- Buenas prácticas de manufactura en la empresa minorista de productos vegetales.
526 _aP203
526 _aP200
526 _aSEG65
526 _aSEG64
526 _aSEG63
526 _aSEG62
526 _aSEG61
526 _aSEG60
526 _aSEG59
526 _aSEG58
526 _aSEG57
526 _aSEG56
526 _aSEG55
526 _aSEG54
526 _aSEG53
526 _aSEG52
526 _aSEG51
526 _aSEG50
526 _aSEG49
526 _aSEG48
526 _aSEG47
526 _aSEG46
526 _aSEG24
526 _aSEG23
526 _aSEG22
526 _aSEG21
526 _aSEG20
526 _aSEG19
526 _aSEG18
526 _aSEG17
526 _aSEG16
526 _aSEG14
526 _aSEG13
526 _aSEG12
526 _aSEG11
526 _aSEG10
526 _aSEG09
526 _aSEG06
526 _aSEG05
526 _aSEG04
526 _aSEG03
526 _aSEG02
526 _aSEG68
526 _aSEG66
526 _aSEG45
526 _aSEG25
526 _aSEG01
526 _aP163
526 _aP162
526 _aP161
526 _aP160
526 _aP159
526 _aP158
526 _aP157
526 _aP156
526 _aP155
526 _aP154
526 _aP153
526 _aP152
526 _aP151
526 _aP150
526 _aP149
526 _aP142
526 _aP141
526 _aP140
526 _aP139
526 _aP138
526 _aP137
526 _aP132
526 _aP131
526 _aP130
526 _aP126
526 _aP125
526 _aP124
526 _aP123
526 _aP115
526 _aP122
526 _aP121
526 _aP116
526 _a P114
526 _aP112
526 _aP111
526 _aP104
526 _aP103
526 _aP102
526 _aP101
526 _aP100
526 _aP96
526 _aP95
526 _aP93
526 _aP92
526 _aP91
526 _aP88
526 _aP83
526 _aP82
526 _aP79
526 _aP78
526 _aP75
526 _aP74
526 _aP71
526 _aP69
526 _a P51
526 _aP49
526 _aP48
526 _aP47
526 _aP33
526 _aP31
526 _a P30
526 _aP29
526 _aP27
526 _aP26
526 _aP25
526 _aP24
526 _a P22
526 _aP10
526 _aP09
526 _a P08
526 _aP06
526 _aP05
526 _aP04
526 _aP01
541 _g001-003072;
650 1 7 _aHorticultura
_xControl de calidad.
_2embne
910 _ajck
_b
_caqs
_d20150111
942 _2ddc
_cBOOK
949 _a664.8 C93
_wDEWEY
_c1
_i72360
_d2016-4-25
_e2016-4-24
_lCCODEBUL1
_mBUL
_n1
_p28.86
_r0
_sY
_tBOOK
_u2016-1-11
_xINGENIERIA
_PP26
_0COMPRA
_o.STAFF. Colección General
994 _aC0
_bPEPRU
596 _a1
999 _a664.8 C93
_wDEWEY
_c8342
_i72360
_d8342
_e2018-5-27
_f2021-11-9
_g7
_lCCODEBUL1
_mBUL
_n4
_p28.86
_q6
_r0
_sY
_tBOOK
_u2016-1-11
_xINGENIERIA
_PP26
_0COMPRA
_o.STAFF. Colección General
980 _81
_gALBERTO SANCHEZ Responsable de Automatización